Представление документа в формате MARC21

Поле Инд. ПП Название Значение
Тип записи a
Библиографический уровень b
001 Контрольный номер RU/IS/BASE/400957643
005 Дата корректировки 20200610181717.6
084 a Индекс другой классификации/Индекс ББК 63.3(2)-6; 65.03
100 1_ a Автор Котов Б. С.
q Полное имя Котов Борис Сергеевич
245 a Заглавие Русско-германские торговые отношения накануне первой мировой войны в оценке русской прессы
504 a Библиография Лит. - Примеч.
520 a Аннотация Рассматривается "реакция русского общества на рост противоречий между двумя странами в торгово-экономической сфере накануне первой мировой войны". Подчеркивается "неуверенность русского общества перед лицом мощной экономически развитой Германией, чья конкуренция угрожала не только слабой российской промышленности, но ставила под удар и традиционно сильные позиции России в сфере хлебной торговли".
650 a Основная рубрика внешняя политика
a Основная рубрика история
a Основная рубрика экономика
a Основная рубрика экономическая история (история хозяйства)
653 a Ключевые слова XIX век
a Ключевые слова XX век
a Ключевые слова внешнеторговые отношения
a Ключевые слова Германия
a Ключевые слова Россия
a Ключевые слова русско-германские отношения
a Ключевые слова сельскохозяйственная продукция
a Ключевые слова торговля
a Ключевые слова торговля зерном
a Ключевые слова торговля хлебом
a Ключевые слова торгово-экономические отношения
a Ключевые слова экспортно-импортные поставки
773 t Заглавие источника Вопросы истории
d Дата издания источника 2012
g Прочая информация № 2. - С. 104 - 118
w Контрольный № источника RU/IS/BASE/383238307
901 t Тип документа b